000 00648cam a2200217 4500500
005 20260405003836.0
041 _afre
042 _adc
100 1 0 _aEltchaninoff, Michel
_eauthor
245 0 0 _a“Le Fascisme” : histoire d’un livre interdit
260 _c2024.
500 _a28
690 _aBulgarie
690 _aDémocratie
690 _aDictature
690 _aEurope
690 _aFascisme
690 _aMichel Eltchaninoff
786 0 _nPhilosophie magazine | 179 | 5 | 2024-05-01 | p. 49-51 | 1951-1787
856 4 1 _uhttps://shs.cairn.info/magazine-philosophie-magazine-2024-5-page-49?lang=fr&redirect-ssocas=7080
999 _c2071353
_d2071353